Tilastot visalle Jalkapallon Euroopan-mestarit

Klikkaa tästä pelataksesi tätä visaa!

Yleistilastot

  • Tätä visaa on pelattu 732 kertaa
  • Keskiarvotulos 9 / 16

Vastaustilastot

VuosiMestariHopeajoukkue% Oikein
2020ItaliaEnglanti
98%
2016PortugaliRanska
94%
2012EspanjaItalia
88%
2008EspanjaSaksa
79%
2000RanskaItalia
70%
2004KreikkaPortugali
67%
1996SaksaTšekki
64%
1992TanskaSaksa
51%
1980SaksaBelgia
45%
1984RanskaEspanja
43%
1988AlankomaatNeuvostoliitto
41%
1972SaksaNeuvostoliitto
37%
1968ItaliaJugoslavia
35%
1960NeuvostoliittoJugoslavia
30%
1964EspanjaNeuvostoliitto
28%
1976TšekkoslovakiaSaksa
20%

Tulosjakauma

Persentiili vastausten määrän mukaan

Jokaisen tuloksen saaneiden osuus

Tuloshistoriasi

Et ole pelannut tätä visaa